Adivina por el logo el equipo de la Premier - Estadísticas

Estadísticas generales
  • Esta prueba ha sido intentada 41 veces
  • La puntuación promedio es 18 de 20
Estadísticas de respuestas
Imagen Respuesta % Correcto
Liverpool
100%
Arsenal
97%
Chelsea
97%
Aston Villa
95%
Bournemouth
95%
Manchester City
95%
Newcastle
95%
Brentford
92%
Brighton
92%
Crystal Palace
92%
Everton
92%
Manchester United
92%
Tottenham
92%
West Ham
92%
Ipswich
89%
Fulham
87%
Leicester City
87%
Southampton
87%
Nottingham Forest
82%
Wolves
79%
No se encontraron pruebas coincidentes
Distribución de puntuación
Porcentaje de gente con cada puntuación
Porcentaje por número respondido
Historial de tus puntuaciones
No has intentado esta prueba.